[Event "d12"]
[Site "?"]
[Date "2020.08.28"]
[Round "11.4"]
[White "Kawa, Anna"]
[Black "Natoli, Alessia"]
[Result "1-0"]
[BlackElo "1399"]
[WhiteElo "1207"]
[LiveChessVersion "1.4.8"]

1. e4 {[%clk 0:15:17]} c5 {[%clk 0:15:15]} 2. a3 {[%clk 0:15:21]} d6
{[%clk 0:15:07]} 3. d4 {[%clk 0:15:20]} cxd4 {[%clk 0:14:50]} 4. Qxd4
{[%clk 0:15:09]} a6 {[%clk 0:14:51]} 5. Nc3 {[%clk 0:14:57]} Nc6 {[%clk 0:14:47]}
6. Qd1 {[%clk 0:14:51]} e6 {[%clk 0:14:48]} 7. Nf3 {[%clk 0:14:46]} Nf6
{[%clk 0:14:47]} 8. Bd3 {[%clk 0:14:31]} Be7 {[%clk 0:14:47]} 9. O-O
{[%clk 0:14:01]} O-O {[%clk 0:14:49]} 10. Bf4 {[%clk 0:14:02]} b5
{[%clk 0:14:23]} 11. e5 {[%clk 0:13:37]} dxe5 {[%clk 0:13:33]} 12. Nxe5
{[%clk 0:13:42]} Nxe5 {[%clk 0:13:38]} 13. Bxe5 {[%clk 0:13:50]} Bb7
{[%clk 0:13:45]} 14. Re1 {[%clk 0:12:40]} Qb6 {[%clk 0:13:11]} 15. Bd4
{[%clk 0:11:43]} Qc6 {[%clk 0:11:07]} 16. Ne4 {[%clk 0:11:26]} Kh8
{[%clk 0:10:27]} 17. Qf3 {[%clk 0:10:23]} Qc7 {[%clk 0:09:10]} 18. Qe2
{[%clk 0:09:31]} Nxe4 {[%clk 0:08:48]} 19. Bxe4 {[%clk 0:09:35]} Bxe4
{[%clk 0:08:55]} 20. Qxe4 {[%clk 0:09:42]} Rfd8 {[%clk 0:08:36]} 21. Bc3
{[%clk 0:08:18]} Rd5 {[%clk 0:08:00]} 22. Rad1 {[%clk 0:07:55]} Rad8
{[%clk 0:08:08]} 23. Rxd5 {[%clk 0:07:33]} Rxd5 {[%clk 0:08:15]} 24. h4
{[%clk 0:07:14]} Qd8 {[%clk 0:07:10]} 25. Qg4 {[%clk 0:06:31]} Bf6
{[%clk 0:06:49]} 26. Bxf6 {[%clk 0:05:32]} Qxf6 {[%clk 0:06:57]} 27. c3
{[%clk 0:05:37]} Qd8 {[%clk 0:06:31]} 28. Qf3 {[%clk 0:05:25]} Kg8
{[%clk 0:06:31]} 29. g3 {[%clk 0:05:30]} Kf8 {[%clk 0:06:37]} 30. Rxe6
{[%clk 0:05:12]} Rd3 {[%clk 0:05:01]} 31. Qf4 {[%clk 0:05:02]} Rd1+
{[%clk 0:02:59]} 32. Kh2 {[%clk 0:04:35]} Qc8 {[%clk 0:02:29]} 33. Rd6
{[%clk 0:03:47]} Rb1 {[%clk 0:00:37]} 34. Rb6 {[%clk 0:03:47]} Qd7
{[%clk 0:00:28]} 35. Rb8+ {[%clk 0:03:50]} Ke7 {[%clk 0:00:37]} 36. Qe5+
{[%clk 0:03:48]} Qe6 {[%clk 0:00:42]} 37. Rb7+ {[%clk 0:03:57]} Kf8
{[%clk 0:00:24]} 38. Qc5+ {[%clk 0:04:00]} Ke8 {[%clk 0:00:29]} 39. Rb8+
{[%clk 0:04:00]} Kd7 {[%clk 0:00:35]} 40. Qc8+ {[%clk 0:04:01]} Kd6
{[%clk 0:00:44]} 41. Rb6+ {[%clk 0:04:09]} Ke5 {[%clk 0:00:50]} 42. Rxe6+
{[%clk 0:04:16]} fxe6 {[%clk 0:00:59]} 43. Qc5+ {[%clk 0:04:21]} Ke4
{[%clk 0:01:07]} 44. Qe3+ {[%clk 0:04:27]} Kd5 {[%clk 0:01:15]} 45. Qd3+
{[%clk 0:04:36]} Kc6 {[%clk 0:01:23]} 46. Qxb1 {[%clk 0:04:44]} e5
{[%clk 0:01:32]} 47. Qe4+ {[%clk 0:04:53]} Kd6 {[%clk 0:01:41]} 48. f4
{[%clk 0:05:02]} exf4 {[%clk 0:01:48]} 49. Qxf4+ {[%clk 0:05:11]} Kc5
{[%clk 0:01:56]} 50. Qf5+ {[%clk 0:05:19]} Kc4 {[%clk 0:02:05]} 51. Qxh7
{[%clk 0:05:27]} g5 {[%clk 0:02:13]} 52. hxg5 {[%clk 0:05:35]} a5
{[%clk 0:02:20]} 53. Qf7+ {[%clk 0:05:42]} Kd3 {[%clk 0:02:27]} 54. g6
{[%clk 0:05:50]} b4 {[%clk 0:02:26]} 55. axb4 {[%clk 0:05:58]} axb4
{[%clk 0:02:34]} 56. cxb4 {[%clk 0:06:07]} Kc2 {[%clk 0:02:41]} 57. g7
{[%clk 0:06:16]} Kc1 {[%clk 0:02:45]} 58. g8=R {[%clk 0:06:18]} Kb1
{[%clk 0:02:53]} 59. b3 {[%clk 0:06:23]} Kb2 {[%clk 0:03:00]} 60. Qf3
{[%clk 0:06:29]} Kb1 {[%clk 0:03:05]} 61. Qf2 {[%clk 0:06:35]} Kc1
{[%clk 0:03:11]} 62. Re8 {[%clk 0:06:43]} Kd1 {[%clk 0:03:20]} 63. Re1# 1-0

[Event "d12"]
[Site "?"]
[Date "2020.08.28"]
[Round "11.6"]
[White "Salamon, Julia"]
[Black "Popczynska, Maja"]
[Result "1-0"]
[BlackElo "1122"]
[WhiteElo "1324"]
[LiveChessVersion "1.4.8"]

1. d4 {[%clk 0:15:20]} c5 {[%clk 0:15:19]} 2. d5 {[%clk 0:15:29]} e5
{[%clk 0:15:27]} 3. c4 {[%clk 0:15:34]} d6 {[%clk 0:15:36]} 4. e4
{[%clk 0:15:42]} Be7 {[%clk 0:15:45]} 5. Nf3 {[%clk 0:15:39]} Bg4
{[%clk 0:15:50]} 6. Nc3 {[%clk 0:15:20]} Na6 {[%clk 0:15:03]} 7. a3
{[%clk 0:15:15]} f5 {[%clk 0:14:25]} 8. h3 {[%clk 0:13:06]} Bxf3 {[%clk 0:14:20]}
9. Qxf3 {[%clk 0:13:14]} f4 {[%clk 0:13:59]} 10. Be2 {[%clk 0:11:19]} Nf6
{[%clk 0:14:02]} 11. Qd3 {[%clk 0:11:12]} O-O {[%clk 0:13:55]} 12. Bd2
{[%clk 0:10:50]} Nc7 {[%clk 0:13:45]} 13. Qc2 {[%clk 0:09:30]} Qe8
{[%clk 0:11:20]} 14. b4 {[%clk 0:08:57]} b6 {[%clk 0:10:57]} 15. Rb1
{[%clk 0:06:47]} Rb8 {[%clk 0:10:57]} 16. b5 {[%clk 0:06:33]} Qg6
{[%clk 0:08:24]} 17. Bf3 {[%clk 0:06:42]} Qf7 {[%clk 0:06:03]} 18. a4
{[%clk 0:05:56]} Rbc8 {[%clk 0:04:19]} 19. Nd1 {[%clk 0:05:31]} Nd7
{[%clk 0:03:22]} 20. Bg4 {[%clk 0:05:23]} Rcd8 {[%clk 0:03:11]} 21. a5
{[%clk 0:04:47]} Kh8 {[%clk 0:02:28]} 22. a6 {[%clk 0:04:15]} Nf6
{[%clk 0:02:23]} 23. Bf3 {[%clk 0:04:12]} Nd7 {[%clk 0:02:17]} 24. Nc3
{[%clk 0:04:17]} Nf6 {[%clk 0:02:04]} 25. Qd1 {[%clk 0:04:25]} h6
{[%clk 0:01:43]} 26. Bc1 {[%clk 0:04:03]} Qg6 {[%clk 0:01:30]} 27. Kd2
{[%clk 0:03:56]} Kg8 {[%clk 0:01:01]} 28. Kc2 {[%clk 0:03:47]} Rc8
{[%clk 0:00:50]} 29. Kb2 {[%clk 0:03:51]} Rcd8 {[%clk 0:00:51]} 30. Bd2
{[%clk 0:04:00]} Rc8 {[%clk 0:00:47]} 31. Qe2 {[%clk 0:04:08]} Rcd8
{[%clk 0:00:37]} 32. Rbg1 {[%clk 0:04:14]} Rd7 {[%clk 0:00:33]} 33. g3
{[%clk 0:03:58]} fxg3 {[%clk 0:00:18]} 34. Rxg3 {[%clk 0:04:02]} Qh7
{[%clk 0:00:23]} 35. Rhg1 {[%clk 0:03:58]} Bd8 {[%clk 0:00:29]} 36. Rg6
{[%clk 0:03:36]} Kh8 {[%clk 0:00:20]} 37. Qf1 {[%clk 0:03:26]} Re8
{[%clk 0:00:12]} 38. Qg2 {[%clk 0:03:22]} Ree7 {[%clk 0:00:19]} 39. Ne2
{[%clk 0:02:54]} Rf7 {[%clk 0:00:29]} 40. Ng3 {[%clk 0:03:00]} Qxg6
{[%clk 0:00:21]} 41. Nf5 {[%clk 0:03:00]} Qh7 {[%clk 0:00:25]} 42. Qg3
{[%clk 0:01:50]} Nce8 {[%clk 0:00:29]} 43. h4 {[%clk 0:01:24]} Rf8
{[%clk 0:00:20]} 44. Qh3 {[%clk 0:00:51]} Rc7 {[%clk 0:00:16]} 45. h5
{[%clk 0:00:39]} Rg8 {[%clk 0:00:24]} 46. Rg6 {[%clk 0:00:44]} Rf7
{[%clk 0:00:12]} 47. Nxh6 {[%clk 0:00:41]} gxh6 {[%clk 0:00:19]} 48. Rxh6
{[%clk 0:00:50]} Nc7 {[%clk 0:00:24]} 49. Rxh7+ {[%clk 0:00:58]} Nxh7
{[%clk 0:00:31]} 50. Be3 {[%clk 0:00:31]} Ng5 {[%clk 0:00:39]} 51. Bxg5
{[%clk 0:00:33]} Bxg5 {[%clk 0:00:47]} 52. Kc3 {[%clk 0:00:16]} Ne8
{[%clk 0:00:56]} 53. Kd3 {[%clk 0:00:21]} Ng7 {[%clk 0:01:04]} 54. h6
{[%clk 0:00:30]} Ne8 {[%clk 0:01:11]} 55. Bh5 {[%clk 0:00:23]} Rh7
{[%clk 0:01:17]} 56. Bxe8 {[%clk 0:00:31]} Rxe8 {[%clk 0:01:25]} 57. Qf5
{[%clk 0:00:37]} Bxh6 {[%clk 0:01:26]} 58. Qf6+ {[%clk 0:00:44]} Bg7
{[%clk 0:01:33]} 59. Qxd6 {[%clk 0:00:44]} Rf8 {[%clk 0:01:37]} 60. Qe6
{[%clk 0:00:33]} Rf3+ {[%clk 0:01:35]} 61. Ke2 {[%clk 0:00:41]} Rf8
{[%clk 0:01:41]} 62. d6 {[%clk 0:00:48]} Rh6 {[%clk 0:01:47]} 63. Qe7
{[%clk 0:00:49]} Rff6 {[%clk 0:01:16]} 64. d7 {[%clk 0:00:52]} Rd6
{[%clk 0:01:19]} 65. d8=Q+ {[%clk 0:00:58]} Rxd8 {[%clk 0:01:27]} 66. Qxd8+
{[%clk 0:01:07]} Kh7 {[%clk 0:01:34]} 67. Qd7 {[%clk 0:01:06]} Rh4
{[%clk 0:01:40]} 68. Kd3 {[%clk 0:00:53]} Rf4 {[%clk 0:01:45]} 69. Qh3+
{[%clk 0:00:58]} Bh6 {[%clk 0:01:47]} 70. Qd7+ {[%clk 0:01:06]} Bg7
{[%clk 0:01:56]} 71. Qxa7 {[%clk 0:01:14]} Rf3+ 72. Ke2 {[%clk 0:01:21]} Rf6
{[%clk 0:02:05]} 73. Qb7 Rf8 {[%clk 0:01:59]} 74. a7 {[%clk 0:01:37]} Kh6
{[%clk 0:02:06]} 75. a8=Q {[%clk 0:01:39]} Rf6 {[%clk 0:02:03]} 76. Qc6
{[%clk 0:01:42]} Kg5 {[%clk 0:02:03]} 77. Qd8 {[%clk 0:01:46]} Kg6
{[%clk 0:02:09]} 78. Qdxb6 {[%clk 0:01:52]} Kg5 {[%clk 0:02:17]} 79. Qxf6+
{[%clk 0:02:00]} Bxf6 {[%clk 0:02:26]} 80. Qxf6+ {[%clk 0:02:02]} Kxf6
{[%clk 0:02:34]} 81. b6 {[%clk 0:02:11]} Ke6 {[%clk 0:02:31]} 82. b7
{[%clk 0:02:20]} Kd6 {[%clk 0:02:39]} 83. b8=Q+ {[%clk 0:02:26]} Kc6
{[%clk 0:02:47]} 84. Qb5+ 1-0

[Event "d12"]
[Site "?"]
[Date "2020.08.28"]
[Round "11.7"]
[White "Dzierzgowska, Jagoda"]
[Black "Moczala, Maja"]
[Result "0-1"]
[BlackElo "1290"]
[WhiteElo "1151"]
[LiveChessVersion "1.4.8"]

1. d4 {[%clk 0:15:17]} d5 {[%clk 0:15:19]} 2. Nf3 {[%clk 0:15:26]} Nf6
{[%clk 0:15:26]} 3. Bf4 {[%clk 0:15:35]} Bf5 {[%clk 0:15:33]} 4. e3
{[%clk 0:15:36]} e6 {[%clk 0:15:40]} 5. c4 {[%clk 0:15:44]} Bxb1 {[%clk 0:15:41]}
6. Rxb1 {[%clk 0:15:48]} Bb4+ {[%clk 0:15:49]} 7. Nd2 {[%clk 0:15:54]} Ne4
{[%clk 0:15:56]} 8. Qa4+ {[%clk 0:12:44]} Nc6 {[%clk 0:16:00]} 9. Rd1
{[%clk 0:12:31]} Nxd2 {[%clk 0:14:59]} 10. Rxd2 {[%clk 0:12:39]} Bxd2+
{[%clk 0:14:55]} 11. Kxd2 {[%clk 0:12:48]} Qe7 {[%clk 0:14:26]} 12. a3
{[%clk 0:12:18]} Qd7 {[%clk 0:13:03]} 13. cxd5 {[%clk 0:12:24]} Qxd5
{[%clk 0:12:38]} 14. Bb5 {[%clk 0:10:45]} Qxg2 {[%clk 0:10:51]} 15. Bxc6+
{[%clk 0:10:53]} Qxc6 {[%clk 0:10:55]} 16. Qxc6+ {[%clk 0:11:01]} bxc6
{[%clk 0:11:03]} 17. Bxc7 {[%clk 0:11:09]} Kd7 {[%clk 0:11:00]} 18. Ba5
{[%clk 0:11:13]} Rab8 {[%clk 0:10:44]} 19. Bc3 {[%clk 0:11:21]} f6
{[%clk 0:10:45]} 20. Rg1 {[%clk 0:11:28]} g6 {[%clk 0:09:54]} 21. Kc2
{[%clk 0:11:22]} Rb5 {[%clk 0:09:15]} 22. Bb4 {[%clk 0:10:44]} Rf5
{[%clk 0:08:39]} 23. f4 {[%clk 0:10:26]} Rh5 {[%clk 0:08:38]} 24. Rg2
{[%clk 0:10:30]} Rh3 {[%clk 0:08:35]} 25. Kd3 {[%clk 0:10:31]} Rb8
{[%clk 0:07:43]} 26. Re2 {[%clk 0:10:10]} Rb5 {[%clk 0:06:55]} 27. Kc4
{[%clk 0:09:38]} Rbh5 {[%clk 0:06:46]} 28. Bc3 {[%clk 0:09:17]} Rxh2
{[%clk 0:06:32]} 29. Re1 {[%clk 0:09:22]} R5h3 {[%clk 0:05:57]} 30. Kd3
{[%clk 0:09:16]} Rg2 {[%clk 0:05:33]} 31. a4 {[%clk 0:09:11]} h5 {[%clk 0:05:34]}
32. b4 {[%clk 0:09:17]} a6 {[%clk 0:05:14]} 33. a5 {[%clk 0:09:19]} h4
{[%clk 0:04:59]} 34. Kc4 {[%clk 0:08:48]} Rhg3 {[%clk 0:04:58]} 35. e4
{[%clk 0:08:18]} Rc2 {[%clk 0:04:45]} 36. Kb3 {[%clk 0:08:08]} Rgxc3+
{[%clk 0:04:54]} 37. Ka4 {[%clk 0:08:13]} Ra2# 0-1